000 00838nam a22002897a 4500
001 BR7000557
003 BR-BrBNA
005 20230928083610.0
007 ta
008 230509b bl.||||| |||| 00| 0 por d
040 _aBR-BrBNA
_bpor
_cBiblioteca Nacional de Agricultura
041 _a(Por)
072 _aH20; F10
_b4120
_b/G514
090 _ 4120 BR7000557
110 1 _aDepartamento Nacional de Meteorologia, Brasilia, DF (Brasil)
_93291
245 1 _aInfluencia dos fatores meteorologicos na ocorrencia da Hemileia vastatrix [Ferrugem; Fungo; Brasil]
260 3 _aBrasilia, DF (Brasil):
_c1970.
300 _a16 p.
500 _a10 illus.
650 _aDoenca de planta
650 _aClimatologia
650 _aFerrugem
650 _aFungo
650 _aClima
909 _a202309
_bLucia
_c55
_dLucia Elande
942 _cBK
999 _c14392
_d14392